Southeast Asian exports since the 14th century : Cloves, pepper, coffee, and sugar
Contents: Southeast Asia, like other non-Western areas, has often been seen as economically static and self-sufficient until the arrival of late 19th century capitalism, for no better reason than lack of evidence to the contrary. This volume seeks to lay a basic for more solid analysis of the preco...
Saved in:
| Format: | Book |
|---|---|
| Language: | Undetermined |
| Published: |
Singapore,The Netherlands,Australia
Institute of Southeast Asian Studies,KITLV Press,Research School of Pacific and Asian Studies, ANU
1998,1998,1998
|
| Subjects: | |
| Tags: |
Add Tag
No Tags, Be the first to tag this record!
|
| Institutions: | Trung tâm Học liệu Trường Đại học Cần Thơ |
|---|
| LEADER | 01133nam a2200205Ia 4500 | ||
|---|---|---|---|
| 001 | CTU_222525 | ||
| 008 | 210402s9999 xx 000 0 und d | ||
| 082 | |a 382.413 | ||
| 082 | |b S727 | ||
| 245 | 0 | |a Southeast Asian exports since the 14th century : | |
| 245 | 0 | |b Cloves, pepper, coffee, and sugar | |
| 245 | 0 | |c David Bulbeck ... [et al.] | |
| 260 | |a Singapore,The Netherlands,Australia | ||
| 260 | |b Institute of Southeast Asian Studies,KITLV Press,Research School of Pacific and Asian Studies, ANU | ||
| 260 | |c 1998,1998,1998 | ||
| 520 | |a Contents: Southeast Asia, like other non-Western areas, has often been seen as economically static and self-sufficient until the arrival of late 19th century capitalism, for no better reason than lack of evidence to the contrary. This volume seeks to lay a basic for more solid analysis of the precolonial record through accumlating one type of data-exports-for which the record is long and continuous. | ||
| 650 | |a Xuất khẩu,Exports | ||
| 650 | |x Lịch sử,History | ||
| 650 | |z Đông Nam Á,Southeast Asia | ||
| 980 | |a Trung tâm Học liệu Trường Đại học Cần Thơ | ||